000 00884nam a2200181Ia 4500
008 100921s9999 xx 000 0 und d
082 _b22723
_a801.95 थ 89
100 _aखांडगे भास्कर.
245 _aदया पवार यांच्या साहित्याचा अभ्यास.
260 _bविमल प्रकाशन,पुणे.
_c1989
300 _a179
_bभावे पुस्तक भांडार,पुणे
365 _b65
520 _aललित-टीका,तत्वे,तंत्र.
630 _aदया पवार यांच्या साहित्याचा अभ्यास.
650 _aललित-टीका,तत्वे,तंत्र.
730 _aदया पवार यांच्या साहित्याचा अभ्यास.
942 _cBOOK
999 _c771836
_d771833